Statistiche per Quiz sul Messico

Clicka qui per fare il quiz!

Statistiche generali

  • Questo quiz è stato fatto 712 volte
  • Il punteggio medio è 14 su 27

Statistiche sulle risposte

HintRisposta% Corretto
Città più popoloseCittà del Messico
97%
Stati Uniti d'America
97%
Sport più popolareCalcio
86%
MonetaPeso
82%
Guatemala
81%
Paesi confinantiBelize
75%
Civiltà che governava questa penisola famosa per il calendario, le piramidi e la scritturaMaya
73%
Famosa pittrice col monociglioFrida Kahlo
67%
Festa celebrata dal 31 ottobre al 2 novembreDias de los {muertos}
65%
Civiltà conquistata da CortèsAzteca
63%
Penisola del mar dei Caraibi con CancùnYucatan
58%
Liquore tipico ricavato dall'agaveTequila
55%
Animale nazionaleAquila dorata
51%
Piccola razza di cane che prende il nome da uno stato messicanoChihuahua
46%
Guadalajara
45%
Anno in cui il Messico ha ospitato le Olimpiadi estive1968
39%
Località turistica dello stato di Guerrero nota ai subacqueiA{capulco}
39%
Grande città vicino a San DiegoTijuana
39%
Lunga penisola che si estende nel PacificoPenisola di {Bassa} {California}
38%
Monterrey
34%
Termine messicano per Pro Wrestling{Lucha} Libre
33%
Nome di uno dei tre cognomi più comuniHernández | Garcia | Martinez
32%
Stile di musica popolare con trombe e chitarreMariachi
30%
Fiume più lungoRio Grande
29%
Maggiore esportazionePetrolio
25%
È stato l'uomo più ricco del mondo dal 2010 al 2013Carlos Slim
19%
Salsa al peperoncino a volte realizzata con il cioccolatoMole
14%

Distribuzione punteggi

Percentile per numero di risposta

Percentuale di utenti per punteggio

I tuoi punteggi nel tempo

Non hai fatto questo quiz